Macrosistema del Cantón de Alajuela (Registro nro. 12584)

Detalles MARC
000 -LEADER
fixed length control field 00697nmm a22002537a 4500
005 - DATE AND TIME OF LATEST TRANSACTION
control field 20200206143438.0
008 - FIXED-LENGTH DATA ELEMENTS--GENERAL INFORMATION
fixed length control field 190117b xxu||||| |||| 00| 0 spa d
041 ## - LANGUAGE CODE
Language code of text/sound track or separate title spa
082 ## - DEWEY DECIMAL CLASSIFICATION NUMBER
Classification number GT 60
100 ## - MAIN ENTRY--AUTHOR NAME
Personal name Méndez Hernández, Wagner
100 ## - MAIN ENTRY--AUTHOR NAME
Personal name Carvajal Fernández, Daniel
100 ## - MAIN ENTRY--AUTHOR NAME
Personal name Viquez Chacón, Michelle
100 ## - MAIN ENTRY--AUTHOR NAME
Personal name Ramirez Montoya, Kimberly
245 ## - TITLE STATEMENT
Title Macrosistema del Cantón de Alajuela
260 ## - PUBLICATION, DISTRIBUTION, ETC. (IMPRINT)
Year of publication 2019
300 ## - PHYSICAL DESCRIPTION
Number of Pages 75 páginas
502 ## - DISSERTATION NOTE
Dissertation note
650 ## - SUBJECT ADDED ENTRY--TOPICAL TERM
Topical Term COSTA RICA
650 ## - SUBJECT ADDED ENTRY--TOPICAL TERM
Topical Term TURISMO
650 ## - SUBJECT ADDED ENTRY--TOPICAL TERM
Topical Term GEOGRAFÍA TURÍSTICA
650 ## - SUBJECT ADDED ENTRY--TOPICAL TERM
Topical Term CANTÓN DE ALAJUELA
650 ## - SUBJECT ADDED ENTRY--TOPICAL TERM
Topical Term ALAJUELA
942 ## - ADDED ENTRY ELEMENTS (KOHA)
Koha item type Geografía Turística
Existencias
Withdrawn status Lost status Damaged status Not for loan Home library Current library Date acquired Precio de compra Total Checkouts Full call number Accession Number Date last seen Price effective from Koha item type
        Departamento de Biblioteca y Documentación Alfonso Chase Brenes Departamento de Biblioteca y Documentación Alfonso Chase Brenes 06/02/2020 62720.00   GT 60 GT60 06/02/2020 06/02/2020 Geografía Turística